LIBRARY & INFORMATION CENTRE, KCAET, TAVANUR

ONLINE PUBLIC ACCESS CATALOGUE (OPAC)

Agricultural engineering (Record no. 13973)

MARC details
000 -LEADER
fixed length control field 00245nam a22001097a 4500
020 ## - INTERNATIONAL STANDARD BOOK NUMBER
ISBN 8187253207
082 ## - DEWEY DECIMAL CLASSIFICATION NUMBER
Classification number 630
Item number SIN/AG
100 ## - MAIN ENTRY--AUTHOR NAME
Personal name Singhal, O.P
245 ## - TITLE STATEMENT
Title Agricultural engineering
260 ## - PUBLICATION, DISTRIBUTION, ETC. (IMPRINT)
Place of publication Meerut
Name of publisher Aman publishing house
942 ## - ADDED ENTRY ELEMENTS (KOHA)
Koha item type Books
Holdings
Withdrawn status Lost status Damaged status Collection code Home library Current library Shelving location Date acquired Source of acquisition Cost, normal purchase price Full call number Accession Number Koha item type
      Non-fiction KAUAET KAUAET General Stacks 30/03/2013 Neoti Book Agency 225.00 630 SIN/AG 23903 Books
      Non-fiction KAUAET KAUAET General Stacks 30/03/2013 Neoti Book Agency 225.00 630 SIN/AG 23904 Books
free website counter